Library of the University of Algiers 3
Ibrahim Sultan Cheibout
شعار جامعة الجزائر 3
مكتبة جامعة الجزائر 3
إبراهيم سلطان شيبوط

الخصخصة : (رقم التسجيلة. 45698)

تفاصيل مارك
000 -LEADER
fixed length control field 01491nam a2200229Ia 4500
003 - CONTROL NUMBER IDENTIFIER
control field Ost
005 - DATE AND TIME OF LATEST TRANSACTION
control field 20260507075656.0
008 - FIXED-LENGTH DATA ELEMENTS--GENERAL INFORMATION
fixed length control field 260507s9999||||xx |||||||||||||| ||und||
040 ## - CATALOGING SOURCE
Transcribing agency fsecg
041 ## - LANGUAGE CODE
Language code of text/sound track or separate title ara
082 ## - DEWEY DECIMAL CLASSIFICATION NUMBER
Classification number 338.6046
100 ## - MAIN ENTRY--PERSONAL NAME
Personal name هندي، منير ابراهيم
Relator term مؤلف
245 #0 - TITLE STATEMENT
Title الخصخصة :
Remainder of title خلاصة التجارب العالمية /
Statement of responsibility, etc. منير ابراهيم هندي
260 ## - PUBLICATION, DISTRIBUTION, ETC.
Place of publication, distribution, etc. الاسكندرية:
Name of publisher, distributor, etc. منشأة المعارف,
Date of publication, distribution, etc. 2004
300 ## - PHYSICAL DESCRIPTION
Extent 342 صفحة؛
Other physical details إيضاحات ؛
Dimensions 24 سم
504 ## - BIBLIOGRAPHY, ETC. NOTE
Bibliography, etc. note المراجع ص.341
520 ## - SUMMARY, ETC.
Summary, etc. تهيئة المناخ لتنفيد برنامج الخصخصة، التوازن بين الاستقلالية والمساءلة، تنمية وتطوير سوق رأس المال، محددات نجاح عملية الخصخصة، الخصخصة من خلال بيع حصة الحكومة في رأس المال، سبل أخرى بديلة للخصخصة، تقييم الشركات لأغراض الخصخصة، اطار لتحليل الترتيبات المؤسسية لمشروعات البنية التحتية، الترتيبات المؤسسية التي تنطوي على امتلاك المورد للمشروع، اشتراطات لضمان فاعلية الترتيبات المؤسسية، الدروس المستفادة من خصخصة المؤسسات العامة.
653 ## - INDEX TERM--UNCONTROLLED
Uncontrolled term الخصخصة
653 ## - INDEX TERM--UNCONTROLLED
Uncontrolled term الشركات
653 ## - INDEX TERM--UNCONTROLLED
Uncontrolled term رأس المال
942 ## - ADDED ENTRY ELEMENTS (KOHA)
Koha item type كتب

لا توجد مواد متاحة.

موارد الويب المفتوحة


© University of Algiers 3 All Rights Reserved
|
Implemented by LECHELAH Riad